[Event "15. Open Int. Ciudad de Pamplona"]
[Site "Pamplona ESP"]
[Date "2005.12.26"]
[Round "5.8"]
[White "Adla, Diego Gustavo"]
[Black "Sanchez Romero, Miguel Andres"]
[Result "1-0"]
[WhiteElo "2497"]
[BlackElo "2174"]
[PlyCount "79"]
[EventDate "2005.12.23"]
[EventType "swiss"]
[EventRounds "9"]
[EventCountry "ESP"]
[Source "lmi"]
[SourceDate "2005.12.29"]

1. c4 Nf6 2. Nc3 g6 3. g3 Bg7 4. Bg2 O-O 5. Nf3 d6 6. O-O Nbd7 7. Rb1 e5 8. b4
a6 9. d3 c6 10. a4 d5 11. cxd5 cxd5 12. Nd2 d4 13. Nce4 Nb6 14. Nxf6+ Bxf6 15.
Ne4 Be7 16. Nc5 Nd5 17. Bd2 a5 18. Qb3 Nxb4 19. Bxb4 axb4 20. Nxb7 Bxb7 21.
Bxb7 Ra7 22. Bc6 Qd6 23. Bd5 Qd7 24. Ra1 Ra5 25. Bc4 h5 26. Bb5 Qf5 27. Rac1
Rc8 28. e4 Qh3 29. Qd5 Rxc1 30. Rxc1 Qe6 31. Qb7 Bf8 32. Rc6 Rxb5 33. Qxb5 Qa2
34. Rc8 Qb1+ 35. Kg2 h4 36. gxh4 Qd1 37. h3 Qd2 38. Qc5 Qh6 39. Qxb4 Kh7 40.
Qxf8 1-0

[Event "15. Open Int. Ciudad de Pamplona"]
[Site "Pamplona ESP"]
[Date "2005.12.26"]
[Round "5.9"]
[White "Jerez Perez, Alfonso"]
[Black "Muñoz Arana, Miguel"]
[Result "1-0"]
[WhiteElo "2414"]
[BlackElo "2062"]
[PlyCount "47"]
[EventDate "2005.12.23"]
[EventType "swiss"]
[EventRounds "9"]
[EventCountry "ESP"]
[Source "lmi"]
[SourceDate "2005.12.29"]

1. e4 c5 2. c3 g6 3. d4 cxd4 4. cxd4 d5 5. exd5 Nf6 6. Nc3 Nxd5 7. Qb3 Nxc3 8.
Bc4 e6 9. bxc3 Nc6 10. Nf3 Bg7 11. Ba3 Ne7 12. Qb5+ Qd7 13. Ne5 Qxb5 14. Bxb5+
Kf8 15. O-O a6 16. Be2 Bxe5 17. dxe5 Bd7 18. Bf3 Bc6 19. Bxc6 bxc6 20. Rab1 Ra7
21. Bc5 Rd7 22. Rfd1 Rd5 23. Rxd5 exd5 24. Rb8+ 1-0

[Event "15. Open Int. Ciudad de Pamplona"]
[Site "Pamplona ESP"]
[Date "2005.12.26"]
[Round "5.10"]
[White "Ugalde Ezcurra, Jose Miguel"]
[Black "Bruned, Yvain"]
[Result "1/2-1/2"]
[WhiteElo "2217"]
[BlackElo "2289"]
[PlyCount "93"]
[EventDate "2005.12.23"]
[EventType "swiss"]
[EventRounds "9"]
[EventCountry "ESP"]
[Source "lmi"]
[SourceDate "2005.12.29"]

1. Nf3 Nf6 2. c4 e6 3. g3 Be7 4. Bg2 O-O 5. d4 d5 6. O-O dxc4 7. Na3 Bxa3 8.
bxa3 Nc6 9. Bb2 Rb8 10. Qc2 b5 11. Rfd1 Bb7 12. Ng5 g6 13. e4 Nd7 14. h4 h6 15.
Nf3 Ne7 16. Qc3 f6 17. Qe3 Kh7 18. Bc1 Ng8 19. h5 g5 20. Bb2 Ne7 21. Bh3 f5 22.
d5 exd5 23. exf5 c5 24. Re1 Ng8 25. f6 Ndxf6 26. Bf5+ Kh8 27. Qxc5 Bc8 28. Bg6
Rb7 29. Rad1 Rc7 30. Qb4 Bg4 31. Qc3 a5 32. Nd4 Bxd1 33. Ne6 Qd6 34. Nxc7 b4
35. Qe5 Qxe5 36. Bxe5 Bf3 37. Re3 g4 38. Bd4 Rc8 39. Ne8 Rc6 40. Nxf6 Nxf6 41.
Re8+ Kg7 42. Re7+ Kg8 43. Rf7 Re6 44. Kf1 Ne4 45. Rg7+ Kf8 46. Rf7+ Kg8 47.
Rg7+ 1/2-1/2

[Event "15. Open Int. Ciudad de Pamplona"]
[Site "Pamplona ESP"]
[Date "2005.12.27"]
[Round "6.1"]
[White "Narciso Dublan, Marc"]
[Black "Strikovic, Aleksa"]
[Result "1/2-1/2"]
[WhiteElo "2464"]
[BlackElo "2494"]
[PlyCount "202"]
[EventDate "2005.12.23"]
[EventType "swiss"]
[EventRounds "9"]
[EventCountry "ESP"]
[Source "lmi"]
[SourceDate "2005.12.29"]

1. d4 Nf6 2. c4 g6 3. Nc3 Bg7 4. e4 d6 5. f3 O-O 6. Be3 Nbd7 7. Nh3 c5 8. d5
Ne5 9. Nf2 e6 10. Be2 exd5 11. cxd5 a6 12. a4 Rb8 13. f4 Ned7 14. O-O Ne8 15.
Qc2 Nc7 16. Rab1 b5 17. b4 cxb4 18. Rxb4 a5 19. Rxb5 Nxb5 20. Nxb5 Nf6 21. Rc1
Re8 22. Ba7 Rb7 23. Qc6 Rd7 24. Bb6 Qe7 25. Nc7 Rf8 26. Bf3 Ne8 27. Nb5 Bb7 28.
Qc2 f5 29. Qd2 fxe4 30. Nxe4 h6 31. Re1 Qf7 32. Bg4 Re7 33. Be6 Rxe6 34. dxe6
Qxe6 35. Nexd6 Qd7 36. Qa2+ Kh7 37. Nxb7 Qxb7 38. Bxa5 Nf6 39. Bc3 Rd8 40. Bxf6
Bxf6 41. Qf2 Ra8 42. Qc2 Qb6+ 43. Kh1 Qa5 44. Qc7+ Qxc7 45. Nxc7 Rxa4 46. g3
Ra2 47. Nd5 Bd4 48. Re7+ Kg8 49. Rd7 Kf8 50. Nb4 Ra1+ 51. Kg2 Bc5 52. Nd3 Be7
53. Ne5 Ra6 54. h4 h5 55. Kh3 Re6 56. Rb7 Bd6 57. Nc4 Be7 58. Rb5 Kg7 59. f5
Re4 60. Nd2 Re3 61. fxg6 Kxg6 62. Nc4 Re4 63. Ne5+ Kh6 64. Rb6+ Kh7 65. Ng6 Bc5
66. Rc6 Be3 67. Nf8+ Kg7 68. Ne6+ Kf7 69. Nd8+ Ke7 70. Nb7 Re5 71. Nd6 Kd7 72.
Nc4 Re4 73. Na5 Re5 74. Rc3 Bf2 75. Nc4 Re4 76. Nd2 Re2 77. Nf1 Ke6 78. Rf3 Bg1
79. g4 hxg4+ 80. Kxg4 Rg2+ 81. Kh5 Rg8 82. Ng3 Bd4 83. Ne4 Rh8+ 84. Kg4 Ke7 85.
Ng5 Bf6 86. Re3+ Kf8 87. Nf3 Kg7 88. Rb3 Ra8 89. Rb7+ Kh6 90. Kf5 Rf8 91. Rb6
Kg7 92. Kg4 Ra8 93. Rb4 Kh6 94. Rc4 Ra5 95. Ne1 Ra1 96. Re4 Ra8 97. Ng2 Rg8+
98. Kh3 Kg6 99. Rg4+ Kf7 100. Re4 Kg6 101. Ne3 Rh8 1/2-1/2

[Event "15. Open Int. Ciudad de Pamplona"]
[Site "Pamplona ESP"]
[Date "2005.12.27"]
[Round "6.2"]
[White "Magem Badals, Jordi"]
[Black "Llaneza Vega, Marcos"]
[Result "1/2-1/2"]
[WhiteElo "2506"]
[BlackElo "2292"]
[PlyCount "68"]
[EventDate "2005.12.23"]
[EventType "swiss"]
[EventRounds "9"]
[EventCountry "ESP"]
[Source "lmi"]
[SourceDate "2005.12.29"]

1. e4 c5 2. Nf3 Nf6 3. e5 Nd5 4. d4 cxd4 5. Qxd4 e6 6. Bc4 Nc6 7. Qe4 d6 8.
exd6 Nf6 9. Qe2 Bxd6 10. O-O O-O 11. Bg5 Be7 12. Nc3 Nd5 13. Bxd5 Bxg5 14. Bxc6
bxc6 15. Rad1 Qa5 16. Nxg5 Qxg5 17. Rfe1 Rb8 18. b3 Bb7 19. Ne4 Qa5 20. Qd2 Qb6
21. Qc3 c5 22. Qxc5 Qa6 23. Nd6 Qxa2 24. Ra1 Qb2 25. Rxa7 Bd5 26. Rxf7 Rxf7 27.
Nxf7 Ra8 28. Nd6 h6 29. h3 Ra1 30. Rxa1 Qxa1+ 31. Kh2 Qe5+ 32. Kg1 Qe1+ 33. Kh2
Qe5+ 34. Kg1 Qe1+ 1/2-1/2

[Event "15. Open Int. Ciudad de Pamplona"]
[Site "Pamplona ESP"]
[Date "2005.12.27"]
[Round "6.3"]
[White "Navarro Cia, Miguel"]
[Black "Pomes Marcet, Juan"]
[Result "1/2-1/2"]
[WhiteElo "2274"]
[BlackElo "2380"]
[PlyCount "62"]
[EventDate "2005.12.23"]
[EventType "swiss"]
[EventRounds "9"]
[EventCountry "ESP"]
[Source "lmi"]
[SourceDate "2005.12.29"]

1. e4 e6 2. d4 d5 3. Nc3 Bb4 4. e5 c5 5. Bd2 Ne7 6. dxc5 O-O 7. Qg4 Nbc6 8.
O-O-O Ng6 9. Nf3 Bxc5 10. Qh5 Qc7 11. Bd3 Nb4 12. Bxg6 fxg6 13. Qh4 a6 14. Kb1
Bd7 15. Rhe1 Nc6 16. Qg3 b5 17. Ne2 Qb6 18. Rf1 b4 19. Nf4 Nd4 20. Nxd4 Bxd4
21. Nd3 a5 22. f4 Bb5 23. Rfe1 Rac8 24. Bc1 Bxd3 25. Qxd3 Bc5 26. Re2 a4 27. g3
Rf7 28. h4 Be7 29. Be3 Bc5 30. Bc1 Be7 31. Be3 Bc5 1/2-1/2

[Event "15. Open Int. Ciudad de Pamplona"]
[Site "Pamplona ESP"]
[Date "2005.12.27"]
[Round "6.4"]
[White "Adla, Diego Gustavo"]
[Black "Ivanov, Jordan"]
[Result "1/2-1/2"]
[WhiteElo "2497"]
[BlackElo "2377"]
[PlyCount "59"]
[EventDate "2005.12.23"]
[EventType "swiss"]
[EventRounds "9"]
[EventCountry "ESP"]
[Source "lmi"]
[SourceDate "2005.12.29"]

1. c4 e5 2. Nc3 Nc6 3. g3 g6 4. Bg2 Bg7 5. Nf3 d6 6. O-O Nf6 7. d4 exd4 8. Nxd4
Bd7 9. Nxc6 Bxc6 10. Nd5 Nd7 11. Rb1 a5 12. Bd2 O-O 13. Qe1 Re8 14. Bxa5 b6 15.
Bc3 Rxa2 16. Bxg7 Kxg7 17. Qc3+ Kg8 18. e3 Ba8 19. Rfd1 Ra7 20. b3 h5 21. Qd4
Bxd5 22. Bxd5 Qf6 23. Bc6 Re7 24. Ra1 Rxa1 25. Rxa1 Kg7 26. Ra8 Qxd4 27. exd4
Nf8 28. Bd5 Ne6 29. Bxe6 Rxe6 30. Kf1 1/2-1/2

[Event "15. Open Int. Ciudad de Pamplona"]
[Site "Pamplona ESP"]
[Date "2005.12.27"]
[Round "6.5"]
[White "Pogorelov, Ruslan"]
[Black "Gomez Anadon, Daniel"]
[Result "1/2-1/2"]
[WhiteElo "2470"]
[BlackElo "2281"]
[PlyCount "92"]
[EventDate "2005.12.23"]
[EventType "swiss"]
[EventRounds "9"]
[EventCountry "ESP"]
[Source "lmi"]
[SourceDate "2005.12.29"]

1. Nf3 d5 2. d4 Nf6 3. c4 e6 4. Nc3 c6 5. e3 Nbd7 6. Qc2 Bd6 7. Bd3 O-O 8. O-O
dxc4 9. Bxc4 b5 10. Bd3 Bb7 11. a3 Rc8 12. b4 a5 13. Rb1 axb4 14. axb4 Qe7 15.
e4 e5 16. dxe5 Nxe5 17. Nxe5 Bxe5 18. f4 Bxc3 19. Qxc3 Nxe4 20. Bxe4 Qxe4 21.
Bb2 f6 22. Rbe1 Qc4 23. Re7 Qxc3 24. Bxc3 Rf7 25. Rfe1 Kf8 26. Rxf7+ Kxf7 27.
Ra1 Rd8 28. Ra7 Rd7 29. Kf2 Ke6 30. Ke3 c5 31. bxc5 Bxg2 32. f5+ Ke7 33. Ra6
Rc7 34. Ba5 Rc8 35. Ra7+ Kf8 36. Bc7 Bc6 37. Bd6+ Kg8 38. Kd4 Bg2 39. Kc3 Be4
40. Kb4 Bxf5 41. Kxb5 Be4 42. Re7 Bf3 43. Kb6 Rc6+ 44. Kb5 Rc8 45. Kb6 Rc6+ 46.
Kb5 Rc8 1/2-1/2

[Event "15. Open Int. Ciudad de Pamplona"]
[Site "Pamplona ESP"]
[Date "2005.12.27"]
[Round "6.6"]
[White "Cortes Bueno, Jesus Javier"]
[Black "Jerez Perez, Alfonso"]
[Result "1/2-1/2"]
[WhiteElo "2221"]
[BlackElo "2414"]
[PlyCount "38"]
[EventDate "2005.12.23"]
[EventType "swiss"]
[EventRounds "9"]
[EventCountry "ESP"]
[Source "lmi"]
[SourceDate "2005.12.29"]

1. e4 e6 2. d4 d5 3. Nd2 Be7 4. Bd3 c5 5. dxc5 Nf6 6. Qe2 O-O 7. Ngf3 a5 8. O-O
Na6 9. e5 Nd7 10. c4 Ndxc5 11. Bb1 b6 12. cxd5 Qxd5 13. Ne4 Bb7 14. Rd1 Qc6 15.
Nd4 Qc7 16. Nf6+ gxf6 17. Bxh7+ Kxh7 18. Qh5+ Kg8 19. Qg4+ Kh8 1/2-1/2

[Event "15. Open Int. Ciudad de Pamplona"]
[Site "Pamplona ESP"]
[Date "2005.12.27"]
[Round "6.7"]
[White "Llorente Zaro, Alfonso"]
[Black "Rada Equiza, Miguel"]
[Result "1-0"]
[WhiteElo "2324"]
[BlackElo "2216"]
[PlyCount "81"]
[EventDate "2005.12.23"]
[EventType "swiss"]
[EventRounds "9"]
[EventCountry "ESP"]
[Source "lmi"]
[SourceDate "2005.12.29"]

1. d4 Nf6 2. c4 c5 3. d5 e6 4. Nc3 exd5 5. cxd5 d6 6. Nf3 g6 7. g3 Bg7 8. Bg2
O-O 9. O-O Re8 10. Nd2 a6 11. a4 Nbd7 12. e4 Rb8 13. Nc4 Nb6 14. Ne3 Bd7 15.
Qd3 Nc8 16. a5 Bb5 17. Nxb5 axb5 18. Qxb5 Nxe4 19. Nc4 f5 20. Re1 h6 21. Be3
Re7 22. Re2 b6 23. Rae1 Na7 24. Qa6 b5 25. Nb6 Qc7 26. h4 Rbe8 27. Kf1 Kh7 28.
Bf4 Bd4 29. f3 Nf2 30. Rxe7+ Rxe7 31. Re6 Nd3 32. Na8 Rxe6 33. dxe6 Qe7 34.
Qxd6 Qxd6 35. Bxd6 Nc8 36. Bc7 Nb4 37. Nb6 Ne7 38. Bd6 Nbc6 39. f4 c4 40. Bxc6
Nxc6 41. e7 1-0

[Event "15. Open Int. Ciudad de Pamplona"]
[Site "Pamplona ESP"]
[Date "2005.12.27"]
[Round "6.8"]
[White "Carbonell Bofill, Carlos"]
[Black "Vehi Bach, Victor Manuel"]
[Result "0-1"]
[WhiteElo "2105"]
[BlackElo "2416"]
[PlyCount "74"]
[EventDate "2005.12.23"]
[EventType "swiss"]
[EventRounds "9"]
[EventCountry "ESP"]
[Source "lmi"]
[SourceDate "2005.12.29"]

1. Nf3 c5 2. b3 Nc6 3. Bb2 d6 4. d4 cxd4 5. Nxd4 Nf6 6. g3 e5 7. Nxc6 bxc6 8.
Bg2 Qc7 9. O-O Be7 10. e3 O-O 11. c4 a5 12. Nc3 Bb7 13. f4 Qb6 14. Kh1 Rad8 15.
Qd2 Rfe8 16. Na4 Qa7 17. Bc3 exf4 18. exf4 Ra8 19. Rae1 d5 20. Bd4 Qa6 21. Rxe7
Rxe7 22. Nc5 Qb6 23. Nd7 Qb4 24. Nxf6+ gxf6 25. Bc3 Qd6 26. f5 Rae8 27. c5 Qxc5
28. Bxf6 Qe3 29. Qxa5 Rd7 30. Qa4 d4 31. h3 Rd6 32. Bh4 Qc3 33. Qa7 Rd7 34. Rf4
Ra8 35. Qb6 Ra6 36. Qxa6 Bxa6 37. Re4 Qe3 0-1

[Event "15. Open Int. Ciudad de Pamplona"]
[Site "Pamplona ESP"]
[Date "2005.12.27"]
[Round "6.9"]
[White "Lopez Gracia, Fernando"]
[Black "Burguete Archel, Eduardo"]
[Result "0-1"]
[WhiteElo "2349"]
[BlackElo "2061"]
[PlyCount "74"]
[EventDate "2005.12.23"]
[EventType "swiss"]
[EventRounds "9"]
[EventCountry "ESP"]
[Source "lmi"]
[SourceDate "2005.12.29"]

1. Nf3 Nf6 2. c4 e6 3. Nc3 c5 4. g3 Nc6 5. Bg2 d5 6. cxd5 exd5 7. d4 Be7 8. O-O
O-O 9. Bg5 cxd4 10. Nxd4 h6 11. Be3 Re8 12. Rc1 Bf8 13. Nxc6 bxc6 14. Na4 Be7
15. Bc5 Bg4 16. Re1 Bxc5 17. Rxc5 Bd7 18. Rc3 Rb8 19. b3 Qe7 20. Qd4 a5 21. Nc5
Rb4 22. Qd2 Bf5 23. Rcc1 Rb5 24. Na4 Bd7 25. Rc2 Rb4 26. Rec1 Bf5 27. Rb2 Ne4
28. Bxe4 Rxe4 29. Rxc6 Qd7 30. Rcc2 Rxe2 31. Qxe2 Rxe2 32. Rxe2 Bg4 33. Red2
Bf3 34. Rd3 Qf5 35. Rbd2 Qe4 36. Kf1 Bg2+ 37. Kg1 Bh3 0-1

[Event "15. Open Int. Ciudad de Pamplona"]
[Site "Pamplona ESP"]
[Date "2005.12.27"]
[Round "6.10"]
[White "Bruned, Yvain"]
[Black "Saenz Narciso, Miguel Angel"]
[Result "1-0"]
[WhiteElo "2289"]
[BlackElo "2060"]
[PlyCount "99"]
[EventDate "2005.12.23"]
[EventType "swiss"]
[EventRounds "9"]
[EventCountry "ESP"]
[Source "lmi"]
[SourceDate "2005.12.29"]

1. e4 c5 2. Nf3 d6 3. d4 cxd4 4. Nxd4 Nf6 5. Nc3 g6 6. Be3 Bg7 7. f3 O-O 8. Qd2
Nc6 9. Bc4 Bd7 10. O-O-O Rc8 11. Bb3 Nxd4 12. Bxd4 b5 13. h4 a5 14. h5 a4 15.
Bxf6 exf6 16. Bd5 b4 17. Ne2 f5 18. hxg6 hxg6 19. Kb1 Qf6 20. Nd4 Rb8 21. exf5
Bxf5 22. g4 Be6 23. Qh2 Rfe8 24. Bxe6 fxe6 25. f4 Rbc8 26. g5 Qf7 27. f5 exf5
28. Qxd6 Rcd8 29. Qb6 Rb8 30. Qc5 Re4 31. Qc4 Rd8 32. c3 bxc3 33. bxc3 a3 34.
Ka1 Be5 35. Qb4 f4 36. Qxa3 Rexd4 37. Rxd4 Rxd4 38. Qa8+ Qf8 39. Qxf8+ Kxf8 40.
cxd4 Bxd4+ 41. Kb1 Ke7 42. Kc2 f3 43. Kd3 Bb6 44. Rf1 f2 45. Ke2 Ke6 46. Rxf2
Bd8 47. Rg2 Kf5 48. a4 Kf4 49. Kd3 Kf3 50. Rb2 1-0

[Event "15. Open Int. Ciudad de Pamplona"]
[Site "Pamplona ESP"]
[Date "2005.12.28"]
[Round "7.2"]
[White "Ivanov, Jordan"]
[Black "Narciso Dublan, Marc"]
[Result "1/2-1/2"]
[WhiteElo "2377"]
[BlackElo "2464"]
[PlyCount "105"]
[EventDate "2005.12.23"]
[EventType "swiss"]
[EventRounds "9"]
[EventCountry "ESP"]
[Source "lmi"]
[SourceDate "2005.12.29"]

1. d4 d5 2. c4 e6 3. Nc3 Be7 4. Nf3 Nf6 5. cxd5 exd5 6. Bg5 c6 7. Qc2 Nbd7 8.
e3 O-O 9. Bd3 Re8 10. h3 Nf8 11. Bf4 Be6 12. O-O Nh5 13. Bh2 g6 14. Rab1 a5 15.
a3 Bd6 16. Bxd6 Qxd6 17. Na4 Nd7 18. Rfc1 Rec8 19. Ne5 Nxe5 20. dxe5 Qc7 21.
Qc5 Re8 22. Nb6 Rad8 23. g4 Ng7 24. f4 h5 25. Be2 hxg4 26. hxg4 d4 27. exd4 Ba2
28. d5 Bxb1 29. Rxb1 Qe7 30. Qxe7 Rxe7 31. d6 Ree8 32. Bc4 g5 33. d7 Re7 34.
fxg5 Ne6 35. g6 Ng5 36. gxf7+ Kf8 37. Kg2 Rxe5 38. Rf1 Re7 39. Rf5 Nxf7 40.
Bxf7 Rxf7 41. Rxa5 Ke7 42. Ra7 Rb8 43. Kg3 Kd8 44. Ra4 Kc7 45. Rb4 Rg8 46. a4
Rf1 47. a5 Rg1+ 48. Kf3 Rf8+ 49. Ke3 Rg3+ 50. Ke2 Rg2+ 51. Ke3 Rg3+ 52. Ke2
Rg2+ 53. Ke3 1/2-1/2

[Event "15. Open Int. Ciudad de Pamplona"]
[Site "Pamplona ESP"]
[Date "2005.12.28"]
[Round "7.3"]
[White "Llaneza Vega, Marcos"]
[Black "Navarro Cia, Miguel"]
[Result "0-1"]
[WhiteElo "2292"]
[BlackElo "2274"]
[PlyCount "52"]
[EventDate "2005.12.23"]
[EventType "swiss"]
[EventRounds "9"]
[EventCountry "ESP"]
[Source "lmi"]
[SourceDate "2005.12.29"]

1. e4 e6 2. d4 d5 3. Nc3 Bb4 4. exd5 exd5 5. Bd3 c6 6. Qf3 Qf6 7. Bf4 Qxd4 8.
Nge2 Qf6 9. O-O-O Bd6 10. Rhe1 Ne7 11. Qg3 Bxf4+ 12. Nxf4 O-O 13. Rxe7 Qxe7 14.
Nfxd5 cxd5 15. Nxd5 Qe6 16. Nc7 Qxa2 17. Nxa8 Na6 18. Qd6 g6 19. Bxa6 bxa6 20.
Nc7 Qa1+ 21. Kd2 Qxb2 22. Nd5 Be6 23. Ne7+ Kg7 24. Nc6 Qf6 25. Ke1 Re8 26. Rd2
Bd5+ 0-1

[Event "15. Open Int. Ciudad de Pamplona"]
[Site "Pamplona ESP"]
[Date "2005.12.28"]
[Round "7.4"]
[White "Pomes Marcet, Juan"]
[Black "Pogorelov, Ruslan"]
[Result "1-0"]
[WhiteElo "2380"]
[BlackElo "2470"]
[PlyCount "79"]
[EventDate "2005.12.23"]
[EventType "swiss"]
[EventRounds "9"]
[EventCountry "ESP"]
[Source "lmi"]
[SourceDate "2005.12.29"]

1. d4 e6 2. c4 Nf6 3. Nc3 Bb4 4. e3 O-O 5. Nge2 d5 6. a3 Be7 7. Ng3 c5 8. dxc5
dxc4 9. Qc2 Bxc5 10. Bxc4 Nbd7 11. O-O Ne5 12. Be2 Bd7 13. b4 Be7 14. Bb2 Rc8
15. Qb3 a6 16. Rfd1 Qc7 17. Rac1 Qb8 18. b5 axb5 19. Bxb5 Bxb5 20. Nxb5 h5 21.
h3 h4 22. Ne2 Ne4 23. Bd4 Nc5 24. Qb1 b6 25. Bxe5 Qxe5 26. Na7 Rcd8 27. Nc6
Rxd1+ 28. Rxd1 Qc7 29. Nxe7+ Qxe7 30. Qxb6 Ra8 31. Qb4 Ra4 32. Qb8+ Kh7 33. Rd8
Rxa3 34. Rh8+ Kg6 35. Qg8 Ra1+ 36. Kh2 Qd6+ 37. Nf4+ Kf6 38. Rh7 Qd1 39. Qxg7+
Kf5 40. Rh5+ 1-0

[Event "15. Open Int. Ciudad de Pamplona"]
[Site "Pamplona ESP"]
[Date "2005.12.28"]
[Round "7.5"]
[White "Oms Fuentes, Lluis"]
[Black "Adla, Diego Gustavo"]
[Result "0-1"]
[WhiteElo "2231"]
[BlackElo "2497"]
[PlyCount "56"]
[EventDate "2005.12.23"]
[EventType "swiss"]
[EventRounds "9"]
[EventCountry "ESP"]
[Source "lmi"]
[SourceDate "2005.12.29"]

1. e4 e5 2. Nc3 Nf6 3. g3 c6 4. d4 d6 5. Bg2 Be7 6. h3 O-O 7. Nge2 Re8 8. a4
exd4 9. Qxd4 a5 10. O-O Na6 11. Bf4 Nb4 12. Rac1 Be6 13. Rfd1 Qc8 14. g4 d5 15.
Ng3 dxe4 16. Ngxe4 Nxe4 17. Nxe4 Rd8 18. Qe5 Nxc2 19. Bg5 Rxd1+ 20. Rxd1 Bf8
21. Bh6 Nb4 22. Qg5 Nd5 23. Rxd5 cxd5 24. Nf6+ Kh8 25. Nh5 gxh6 26. Qe5+ f6 27.
Qxf6+ Kg8 28. Bf1 Bf7 0-1

[Event "15. Open Int. Ciudad de Pamplona"]
[Site "Pamplona ESP"]
[Date "2005.12.28"]
[Round "7.6"]
[White "Vehi Bach, Victor Manuel"]
[Black "Cortes Bueno, Jesus Javier"]
[Result "0-1"]
[WhiteElo "2416"]
[BlackElo "2221"]
[PlyCount "70"]
[EventDate "2005.12.23"]
[EventType "swiss"]
[EventRounds "9"]
[EventCountry "ESP"]
[Source "lmi"]
[SourceDate "2005.12.29"]

1. e4 c5 2. Nf3 d6 3. d4 cxd4 4. Nxd4 Nf6 5. Nc3 a6 6. Be3 e5 7. Nb3 Be6 8. f3
Be7 9. Qd2 b5 10. O-O-O Nbd7 11. Qf2 b4 12. Nd5 Nxd5 13. exd5 Bf5 14. g4 Bg6
15. Kb1 a5 16. Bd3 a4 17. Nc1 O-O 18. h4 Bxd3 19. Rxd3 f5 20. Qe1 Rb8 21. Ne2
f4 22. Bf2 Qc7 23. Nc1 Rfc8 24. Qe2 e4 25. fxe4 Ne5 26. Rdh3 f3 27. Qd1 Nxg4
28. Rxf3 Nxf2 29. Rxf2 a3 30. Rg1 Bxh4 31. Rf3 Qe7 32. Nd3 Bf6 33. Qf1 Bd4 34.
Rg4 Bxb2 35. Nxb2 Ra8 0-1

[Event "15. Open Int. Ciudad de Pamplona"]
[Site "Pamplona ESP"]
[Date "2005.12.28"]
[Round "7.7"]
[White "Jerez Perez, Alfonso"]
[Black "Huerga Leache, Mikel"]
[Result "1/2-1/2"]
[WhiteElo "2414"]
[BlackElo "2145"]
[PlyCount "26"]
[EventDate "2005.12.23"]
[EventType "swiss"]
[EventRounds "9"]
[EventCountry "ESP"]
[Source "lmi"]
[SourceDate "2005.12.29"]

1. Nf3 c5 2. c4 Nc6 3. Nc3 g6 4. d4 cxd4 5. Nxd4 Bg7 6. Nxc6 dxc6 7. Qxd8+ Kxd8
8. Bd2 Kc7 9. O-O-O e5 10. Ne4 Nh6 11. h3 Bf5 12. Ng3 Be6 13. e3 f5 1/2-1/2

[Event "15. Open Int. Ciudad de Pamplona"]
[Site "Pamplona ESP"]
[Date "2005.12.28"]
[Round "7.8"]
[White "Llorente Zaro, Alfonso"]
[Black "Fidalgo Fernandez, Javier"]
[Result "1-0"]
[WhiteElo "2324"]
[BlackElo "2155"]
[PlyCount "113"]
[EventDate "2005.12.23"]
[EventType "swiss"]
[EventRounds "9"]
[EventCountry "ESP"]
[Source "lmi"]
[SourceDate "2005.12.29"]

1. d4 Nf6 2. c4 g6 3. Nc3 d5 4. cxd5 Nxd5 5. Bd2 Bg7 6. e4 Nb6 7. Be3 O-O 8.
Rc1 e5 9. dxe5 Qxd1+ 10. Nxd1 Bxe5 11. Nf3 Bf6 12. Rxc7 Nc6 13. Bb5 Bd8 14.
Rxc6 bxc6 15. Bxc6 Rb8 16. Bf4 Rb7 17. Bxb7 Bxb7 18. Nd2 Bf6 19. O-O Rc8 20. e5
Bg7 21. Nc3 Nd7 22. Re1 Nc5 23. Re3 Rd8 24. Nb3 Nd3 25. Bg5 Rd7 26. Rxd3 Rxd3
27. Nc5 Rxc3 28. bxc3 Bd5 29. Bf6 Bf8 30. Nb3 Ba3 31. Bg5 Bb2 32. Bd2 Be4 33.
Nd4 a5 34. a4 Bd5 35. f3 Ba3 36. Be3 Bb2 37. Ne2 Bb3 38. Bb6 Bxa4 39. Bxa5 Kf8
40. Bb4+ Ke8 41. Kf2 Bb5 42. Ke1 Bxe2 43. Kxe2 Bc1 44. g3 Kd7 45. Kd3 Ke6 46.
Ke4 Bd2 47. f4 h5 48. h3 f6 49. exf6 Kxf6 50. Bd6 Be1 51. Be5+ Ke6 52. g4 hxg4
53. hxg4 Bd2 54. c4 Bb4 55. f5+ gxf5+ 56. gxf5+ Kd7 57. Kd5 1-0

[Event "15. Open Int. Ciudad de Pamplona"]
[Site "Pamplona ESP"]
[Date "2005.12.28"]
[Round "7.9"]
[White "Bruned, Yvain"]
[Black "Lorente Penalva, Diego"]
[Result "1-0"]
[WhiteElo "2289"]
[BlackElo "1991"]
[PlyCount "119"]
[EventDate "2005.12.23"]
[EventType "swiss"]
[EventRounds "9"]
[EventCountry "ESP"]
[Source "lmi"]
[SourceDate "2005.12.29"]

1. e4 c5 2. Nf3 d6 3. d4 cxd4 4. Nxd4 Nf6 5. Nc3 g6 6. Be3 Bg7 7. f3 a6 8. Qd2
Nbd7 9. g4 b5 10. a3 Bb7 11. g5 Nh5 12. Rd1 Nb6 13. Nb3 Rc8 14. Bd4 O-O 15. Na5
Ba8 16. Bh3 Nc4 17. Nxc4 Rxc4 18. Bxg7 Nxg7 19. O-O Qc7 20. Rf2 Rd8 21. Bg2 Ne6
22. f4 Nc5 23. Qe3 b4 24. axb4 Rxb4 25. b3 e6 26. Rd4 Rxd4 27. Qxd4 Rc8 28. Nd1
Nd7 29. Rd2 Qc5 30. Qxc5 Nxc5 31. Nf2 Rd8 32. Ng4 Kf8 33. Nf6 Ke7 34. Kf2 h5
35. Ke3 Nd7 36. Nxd7 Rxd7 37. Bf1 a5 38. e5 d5 39. Bb5 Rc7 40. c4 dxc4 41. bxc4
Bc6 42. Ra2 Bxb5 43. cxb5 Ra7 44. Kd4 a4 45. Kc5 Kd7 46. Kb4 Rc7 47. Rxa4 Rc2
48. Ra7+ Kc8 49. Rxf7 Rxh2 50. Kc5 h4 51. Kd6 Rb2 52. Rh7 Rxb5 53. Rxh4 Rb6+
54. Ke7 Kc7 55. Kf6 Kd7 56. Kxg6 Ke7 57. Rh7+ Kf8 58. Kf6 Kg8 59. Rh4 Ra6 60.
g6 1-0

[Event "15. Open Int. Ciudad de Pamplona"]
[Site "Pamplona ESP"]
[Date "2005.12.28"]
[Round "7.10"]
[White "Gomez Anadon, Daniel"]
[Black "Sesma Rubio, Patxi"]
[Result "1/2-1/2"]
[WhiteElo "2281"]
[BlackElo "1956"]
[PlyCount "92"]
[EventDate "2005.12.23"]
[EventType "swiss"]
[EventRounds "9"]
[EventCountry "ESP"]
[Source "lmi"]
[SourceDate "2005.12.29"]

1. e4 e5 2. Nf3 Nc6 3. Bb5 a6 4. Ba4 Nf6 5. O-O Bc5 6. c3 b5 7. Bb3 d6 8. a4
Bg4 9. h3 Bxf3 10. Qxf3 O-O 11. d3 Na5 12. Bc2 b4 13. Nd2 Rb8 14. Re1 Re8 15.
Nf1 bxc3 16. bxc3 Nb3 17. Rb1 Nxc1 18. Rexc1 c6 19. Ne3 Qa5 20. Bb3 Rb7 21. d4
exd4 22. cxd4 Bxd4 23. Rxc6 Rxb3 24. Rxb3 Qxa4 25. Rxd6 Qxb3 26. Rxd4 Qb1+ 27.
Kh2 Nxe4 28. Rd7 Nf6 29. Rb7 Qe4 30. Ra7 Qxf3 31. gxf3 Re6 32. Ra8+ Ne8 33. Nd5
Kf8 34. Nc7 Re2 35. Nxe8 Rxe8 36. Rxa6 Re6 37. Ra7 Rg6 38. Rb7 h6 39. Ra7 Rg5
40. Rb7 g6 41. h4 Rf5 42. Kg3 Kg7 43. Rb6 Rc5 44. Ra6 h5 45. Rb6 Rc1 46. Kg2
Rc4 1/2-1/2

[Event "15. Open Int. Ciudad de Pamplona"]
[Site "Pamplona ESP"]
[Date "2005.12.28"]
[Round "8.1"]
[White "Pomes Marcet, Juan"]
[Black "Strikovic, Aleksa"]
[Result "0-1"]
[WhiteElo "2380"]
[BlackElo "2494"]
[PlyCount "54"]
[EventDate "2005.12.23"]
[EventType "swiss"]
[EventRounds "9"]
[EventCountry "ESP"]
[Source "lmi"]
[SourceDate "2005.12.29"]

1. d4 d6 2. c4 e5 3. Nc3 exd4 4. Qxd4 Nc6 5. Qd2 Nf6 6. Nf3 a5 7. e3 g6 8. b3
Bg7 9. Bb2 O-O 10. Be2 Be6 11. O-O d5 12. Nxd5 Nxd5 13. Bxg7 Kxg7 14. cxd5 Bxd5
15. Rfd1 Be6 16. Qc3+ Qf6 17. Qc5 Rfd8 18. Rac1 Rxd1+ 19. Rxd1 a4 20. Nd4 Nxd4
21. Rxd4 axb3 22. axb3 Ra2 23. Qb5 c6 24. Qd3 Bf5 25. Qd1 Bc2 26. Qe1 Bxb3 27.
Bf3 c5 0-1